If___ : The Supplements /
Presentación, dividida en dos volúmenes, del segundo de los seis largometrajes de ficción dirigidos para cine por Lindsay Anderson (1923-1994), uno de los autores centrales de los movimientos del Free Cinema y la Nueva Ola Británica. El segundo volumen reúne los siguientes suplementos (en inglés, si...
Shranjeno v:
| Drugi avtorji: | , , , , , , , , , , , , , , , , , , , , , |
|---|---|
| Format: | |
| Jezik: | angleščina |
| Izdano: |
Inglaterra? : Glasgow, Escocia : Nueva York, EUA :
Morse Films ; BBC Escocia ; Criterion Collection,
1954-2007
|
| Serija: | (Criterion Collection ;
391/2) |
| Teme: | |
| Oznake: |
Brez oznak, prvi označite!
|
MARC
| LEADER | 00000ngm^a2200000^a^4500 | ||
|---|---|---|---|
| 001 | 000380257 | ||
| 005 | 20251020000000.0 | ||
| 009 | 20260310120554.732 | ||
| 020 | |a 1-934121-60-6 | ||
| 037 | |a Acervo ITESO - Biblioteca | ||
| 041 | |a ING | ||
| 082 | |a 808. 8 |b CRI V. 391 T. 2 | ||
| 240 | 1 | 1 | |a [If, de Lindsay Anderson] |
| 245 | 0 | 0 | |a If___ : |b The Supplements / |
| 264 | 1 | |a Inglaterra? : |b Morse Films ; |a Glasgow, Escocia : |b BBC Escocia ; |a Nueva York, EUA : |b Criterion Collection, |c 1954-2007 | |
| 264 | 2 | |a Nueva York, EUA : |b Criterion Collection [distribución], |c 2007, c2007 | |
| 300 | |a 1 DVD región 1 (22, 42, 15 min) : |b blanco y negro, color + |e 1 folleto (28 p.) | ||
| 336 | |a imagen móvil bidimensional |b tdi |2 rdacontenido | ||
| 337 | |a video |b v |2 rdamedio | ||
| 338 | |a videodisco |b vd |2 rdasoporte | ||
| 440 | 1 | |a (Criterion Collection ; |v 391/2) | |
| 520 | |a Presentación, dividida en dos volúmenes, del segundo de los seis largometrajes de ficción dirigidos para cine por Lindsay Anderson (1923-1994), uno de los autores centrales de los movimientos del Free Cinema y la Nueva Ola Británica. El segundo volumen reúne los siguientes suplementos (en inglés, sin subtítulos o traducción): 1) Cast and Crew: If… [Elenco y equipo técnico: If…] (42 min., 2004), episodio de Cast and Crew, serie de televisión de la BBC Escocia, dedicado a la película de Anderson, con la participación del actor protagonista Malcolm McDowell, el asistente de dirección Stephen Frears, el productor Michael Medwin, el director de fotografía Miroslav Ondrícek, el asistente de edición Ian Rakoff y el guionista David Sherwin, entrevistados en el estudio por la conductora Kirsty Wark; 2) Graham Crowden Interview (15 min., 2007), entrevista con el actor escocés Graham Crowden (1922-2010), quien colaboró con Anderson en proyectos teatrales y en las películas If… (1968), Un hombre de suerte/Un hombre con suerte (1973) y Britannia Hospital (1982); 3) Thursday's Children [Niños del jueves] (22 min., 1954), galardonado cortometraje documental en blanco y negro codirigido por Anderson y Guy Brenton, con narración del actor Richard Burton, sobre la Escuela Real para Niños Sordos, ubicada en Margate, Inglaterra, y 4) Folleto –común a los dos volúmenes de la presentación- con un texto del crítico David Ehrenstein; un fragmento del libro Going Mad in Hollywood: And Life with Lindsay Anderson [Volviéndome loco en Hollywood: y la vida con Lindsay Anderson] (1996), diario del guionista David Sherwin, y una entrevista paródica que Anderson se hizo a sí mismo como parte de la campaña publicitaria de If… | ||
| 586 | |a Premio BAFTA, de la Academia Británica de Cine y Televisión (8°: 1954): Mejor Documental (finalista: Thursday Children) | ||
| 586 | |a Premio Oscar, de la Academia Norteamericana de Cine (27°: 1954): Mejor Cortometraje Documental (ganador: Thursday Children) | ||
| 649 | |a XX | ||
| 650 | |a Cineastas Ingleses | ||
| 650 | |a Actores Escoceses - |x Entrevistas | ||
| 650 | |a Alumnos Discapacitados en el Cine | ||
| 650 | |a Sordos en el Cine | ||
| 650 | |a Instituciones de Educación Especial en el Cine | ||
| 650 | |a Instituciones de Educación Especial - |z Margate, Inglaterra | ||
| 650 | |a Instituciones de Educación Especial - |z Inglaterra | ||
| 650 | |a Instituciones Educativas - |z Inglaterra | ||
| 650 | |a Documentales | ||
| 650 | |a Cortometrajes y Mediometrajes Ingleses | ||
| 650 | |a Cine en Blanco y Negro - |z Inglaterra | ||
| 650 | |a Cine Inglés - |x Historia y Crítica | ||
| 650 | |a Cine Inglés - |y 1950-1959 | ||
| 650 | |a Cine Inglés - |y 1960-1969 | ||
| 650 | |a Cine Inglés - |y Siglo XX | ||
| 650 | |a Educación Especial - |z Inglaterra - |x Historia - |y Winston Churchill, 1951-1955 - |x Tema Principal | ||
| 650 | |a Educación Especial - |z Inglaterra - |x Historia - |y Isabel II, 1952 en Adelante | ||
| 650 | |a Educación Especial - |z Inglaterra - |x Historia - |y Siglo XX | ||
| 650 | |a Educación Especial - |z Inglaterra - |x Historia - |y Período Victoriano y Casa de Windsor, 1837 en Adelante | ||
| 650 | |a Anderson, Lindsay - |x Tema Principal | ||
| 650 | |a Crowden, Graham | ||
| 650 | |a Royal School for the Deaf (Gran Bretaña) - |x Tema Principal | ||
| 740 | 0 | |a Thursday Children / |c Realización de G. Brenton, L. Anderson. | |
| 740 | 0 | |a Cast and Crew : |b If___ / |c Prod. ejecutiva de C. McCarthy, P. Murray ; prod. de E. O'Hare ; dir. de la serie de M. Prince. | |
| 740 | 0 | |a Graham Crowden Interview / |c G. Crowden ; prod. de K. Stetler ; prod. ejecutiva de P. Becker... [et al.] ; realización de L. Kline. | |
| 740 | 0 | |a School Days / |c Texto del folleto de D. Ehrenstein. | |
| 740 | 0 | |a From Crusaders to If___ / |c Texto del folleto de D. Sherwin. | |
| 740 | 0 | |a Lindsay Anderson Interviews Lindsay Anderson / |c Texto del folleto de L. Anderson. | |
| 700 | |a Brenton, Guy |e (realización) | ||
| 700 | |a Anderson, Lindsay |e (realización) | ||
| 700 | |a Brenton, Guy |e (guión) | ||
| 700 | |a Anderson, Lindsay |e (guión) | ||
| 700 | |a Lassally, Walter |e (fotógrafo) | ||
| 700 | |a Wright, Geoffrey |e (música) | ||
| 700 | |a Burton, Richard |e (narración) | ||
| 700 | |a McCarthy, Catherine |e (producción ejecutiva) | ||
| 700 | |a Murray, Paul |e (producción ejecutiva) | ||
| 700 | |a O'Hare, Elspeth |e (producción) | ||
| 700 | |a Prince, Mike |e (dirección de la serie) | ||
| 700 | |a Cull, Simon |e (montaje) | ||
| 700 | |a Bryden, Alan |e (música) | ||
| 700 | |a Wark, Kirsty |e (conducción) | ||
| 700 | |a Stetler, Karen |e (producción) | ||
| 700 | |a Becker, Peter |e (producción ejecutiva) | ||
| 700 | |a Kline, Lee |e (realización) | ||
| 700 | |a Goldie, Rob |e (fotógrafo) | ||
| 700 | |a Madden, Dan |e (montaje) | ||
| 700 | |a Ehrenstein, David |e (texto del folleto) | ||
| 700 | |a Sherwin, David |e (texto del folleto) | ||
| 700 | |a Anderson, Lindsay |e (texto del folleto) | ||
| 910 | |a Fondo General | ||
| 920 | |a Audiovisuales - DVDs | ||
| 940 | |a Películas | ||
| 905 | |a 308 | ||
| 901 | |a 0500274975 |b IT2 |c DVR |i C150892 |u 20250521 | ||
| 901 | |a 0500274599 |b IT2 |c MIN |i C150892 |u 20251020 | ||
| 902 | |a https://opac.biblio.iteso.mx/vufind/Record/000380257 | ||